| 000 | 00465nam a2200169Ia 4500 | ||
|---|---|---|---|
| 008 | 151213s9999 xx 000 0 und d | ||
| 020 | _a0-90508116-1 | ||
| 082 |
_a322.4.2.0882971 _b322.4.2.0882971 |
||
| 100 | _aHamid Algar | ||
| 245 |
_aThe Roots Of The Islamic Revolution _cHamid Algar |
||
| 260 |
_aCanada _bThe Orun Press _c1984 |
||
| 300 | _a8499 p. | ||
| 650 | _aEnglish Literature | ||
| 650 | _aEnglish Literature | ||
| 700 | _aHamid Algar | ||
| 999 |
_c4336 _d4336 |
||